Advanced Vehicle Dynamics / (Record no. 612895)

000 -LEADER
fixed length control field 00345nam a22001337a 4500
020 ## - INTERNATIONAL STANDARD BOOK NUMBER
International Standard Book Number 9783030130602
040 ## - CATALOGING SOURCE
Transcribing agency NUST
082 ## - DEWEY DECIMAL CLASSIFICATION NUMBER
Classification number 629.231
Author Mark JAZ
100 ## - MAIN ENTRY--PERSONAL NAME
Personal name Jazar, Reza N.
245 ## - TITLE STATEMENT
Title Advanced Vehicle Dynamics /
Statement of responsibility, etc. Reza N. Jazar
260 ## - PUBLICATION, DISTRIBUTION, ETC.
Place of publication, distribution, etc. Switzerland :
Name of publisher, distributor, etc. Springer ,
Date of publication, distribution, etc. 2019.
300 ## - PHYSICAL DESCRIPTION
Extent 368p. ;
Other physical details Hardbinding,
Dimensions 24cm.
942 ## - ADDED ENTRY ELEMENTS (KOHA)
Source of classification or shelving scheme
Koha item type Book
Holdings
Withdrawn status Lost status Source of classification or shelving scheme Damaged status Not for loan Permanent Location Current Location Shelving location Date acquired Total Checkouts Full call number Barcode Date last seen Price effective from Koha item type
          School of Mechanical & Manufacturing Engineering (SMME) School of Mechanical & Manufacturing Engineering (SMME) General Stacks 02/18/2025   629.231 JAZ SMME-4661 02/18/2025 02/18/2025 Book
© 2023 Central Library, National University of Sciences and Technology. All Rights Reserved.